[Event "DSOL 08 Liga Gr-A 1st"]
[Site "Playchess.com INT"]
[Date "2020.08.12"]
[Round "2.1"]
[White "Sattler, Robin Lee"]
[Black "Hecht, Jonas Christian"]
[Result "1/2-1/2"]
[WhiteElo "1424"]
[BlackElo "1874"]
[PlyCount "87"]
[EventDate "2020.06.22"]
[EventType "team-tourn (rapid)"]
[EventCountry "GER"]
[SourceTitle "EXT 2021"]
[Source "ChessBase"]
[SourceDate "2020.10.23"]
[SourceVersion "1"]
[SourceVersionDate "2020.10.23"]
[SourceQuality "1"]
[WhiteTeam "Herzogenaurach III"]
[BlackTeam "Kreuzberg III"]
[WhiteTeamCountry "GER"]
[BlackTeamCountry "GER"]

1. e4 c5 2. Nf3 Nc6 3. d4 cxd4 4. Nxd4 Nf6 5. Nc3 e5 6. Nf3 d6 7. Bc4 Be7 8. 0-0 0-0 9. Be3 a6 10. Qd2 b5 11. Bb3 Bb7 12. Rfe1 Na5 13. Bg5 Nxb3 14. axb3 b4 15. Nd5 Nxd5 16. exd5 Bxg5 17. Nxg5 a5 18. c4 Bc8 19. Ne4 f5 20. Ng5 Rf6 21. Re3 f4 22. Rd3 Bf5 23. Rf3 h6 24. Ne6 Qe7 25. Re1 g5 26. h3 g4 27. hxg4 Bxg4 28. Rd3 Kh8 29. Nxf4 Raf8 30. g3 Qg7 31. Ng2 Rxf2 32. Qxf2 Rxf2 33. Kxf2 e4 34. Rxe4 Qxb2+ 35. Kg1 Qb1+ 36. Ne1 Bf5 37. Re8+ Kg7 38. Rde3 a4 39. bxa4 b3 40. a5 b2 41. a6 Qa2 42. a7 Qxa7 43. R8e7+ Qxe7 44. Rxe7+ 1/2-1/2